000 00537nam a2200205Ia 4500
003 OSt
005 20250918150120.0
008 210210b2006 xxu||||| |||| 00| 0 eng d
020 _a9780849946565
040 _cAL
041 _aeng
082 _a222.4 LUCF
100 _aMax Lucado
_9239429
245 _aFacing your giants
_b: a David and Goliath story for everyday people
260 _aNashville
_bThomas Nelson Publishers
_c2006
300 _axiii,233p
690 _aChristianity
_9239441
906 _a065634
942 _2ddc
_cBK
999 _c146458
_d146458